000
00280nam a22001217a 4500
008
180216b xxu||||| |||| 00| 0 eng d
041
_a
eng
080
_a
54
100
_a
12
101
_a
KIM
245
_a
The characterization of organic compounds
_c
Elvain.S.M
942
_2
udc
_c
BK
999
_c
42748
_d
42748